000 00615nam a22002177a 4500
005 20251108172433.0
008 250721s9999 xx 000 0 ara d
082 1 4 _a924.14/بدو
100 1 _aبدوي، أحمد أحمد
245 1 0 _aالقاضي الجرجاني /
250 _aط2
264 1 _aالقاهرة :
_bدار المعارف،
300 _a120ص.
490 0 _aنوابغ الفكر العربي;32
650 1 7 _aاللغة العربية
650 1 7 _aالبلاغة
650 1 7 _aالتاريخ الإسلامي
650 1 7 _aالتراجم
942 _2ddc
_cBK
999 _c79314
_d79314